MARC

LEADER 00000nam0a2200000 4500
001 333442
005 20231102004545.0
035 |a (RuTPU)RU\TPU\book\359437 
090 |a 333442 
100 |a 20170615d1964 km y0rusy50 ca 
101 0 |a rus 
102 |a RU 
105 |a a z 001zy 
200 1 |a Размывающая способность потока и методы русловых расчетов  |f Б. И. Студеничников  |g Всесоюзный научно-исследовательский институт водоснабжения, канализации, гидротехнических сооружений и инженерной гидрогеологии (ВНИИводгео) 
210 |a Москва  |c Изд-во литературы по строительству  |d 1964 
215 |a 184 с.  |c ил. 
225 1 |a Инженерная гидравлика 
320 |a Библиогр.: с. 181-183 
606 1 |a Гидравлика потока  |2 stltpush  |3 (RuTPU)RU\TPU\subj\6467  |9 34349 
610 1 |a размывание 
610 1 |a русловые течения 
610 1 |a расчеты 
610 1 |a методы 
610 1 |a схемы 
610 1 |a скорость 
610 1 |a наносы 
610 1 |a гидроузлы 
610 1 |a деформации 
610 1 |a модельные испытания 
675 |a 627.13  |v 4 
700 1 |a Студеничников  |b Б. И. 
712 0 2 |a Всесоюзный научно-исследовательский институт водоснабжения, канализации, гидротехнических сооружений и инженерной гидрогеологии (ВНИИводгео)  |c (Москва)  |c (1934-1991)  |2 stltpush  |3 (RuTPU)RU\TPU\col\4603 
801 1 |a RU  |b 63413507  |c 20170615 
801 2 |a RU  |b 63413507  |c 20201120  |g RCR 
942 |c BK